00381pab a2200145 454500008004000000100001800040245005700058260000900115300001300124362001100137650002900148700002000177700001800197773002000215180718b2008 xxu||||| |||| 00| 0 eng d aPandi, A. Pal aA model for global quality in technical institutions c2008 ap.14-18. a20 Oct aTechnological institutes aJeyathiagar, D. aRao, U. Surya aUniversity News